[Event "Inautomarket Open"]
[Site "Minsk BLR"]
[Date "2006.07.14"]
[Round "5"]
[White "Tihonov,J"]
[Black "Kolesnik,E"]
[Result "1/2-1/2"]
[WhiteElo "2504"]
[BlackElo "2389"]

1.Nf3 Nf6 2.c4 c6 3.Nc3 d5 4.e3 e6 5.d4 Nbd7 6.Qc2 Bd6 7.g4 h6 8.Bd2 dxc4
9.Bxc4 b5 10.Be2 Bb7 11.Rg1 Rc8 12.a3 a5 13.h4 b4 14.axb4 axb4 15.Na4 c5
16.Nxc5 Nxc5 17.dxc5 Bxc5 18.Qa4+ Nd7 19.Ne5 Ra8 20.Qxd7+ Qxd7 21.Rxa8+ Bxa8
22.Nxd7 Kxd7 23.Bb5+ Kc7 24.Ke2 Kb6 25.Bc4 Rd8 26.Ra1 Bc6 27.Be1 h5 28.Ra6+ Kb7
29.Ra5 Kb6 30.Ra6+ Kb7 31.Ra5 Kb6  1/2-1/2

[Event "ch-Paris"]
[Site "Paris FRA"]
[Date "2006.07.14"]
[Round "7"]
[White "Moradiabadi,E"]
[Black "Fridman,D2"]
[Result "1/2-1/2"]
[WhiteElo "2502"]
[BlackElo "2569"]

1.d4 d5 2.c4 c6 3.Nf3 e6 4.Nc3 Nf6 5.e3 a6 6.b3 Bb4 7.Bd2 O-O 8.Bd3 Nbd7
9.O-O Qe7 10.Qe1 a5 11.Rd1 dxc4 12.bxc4 e5 13.Ng5 Re8 14.f3 Nf8 15.Qf2 h6
16.Nge4 Nxe4 17.Nxe4 Rd8 18.c5 Bf5 19.Bxb4 axb4 20.Nd6 Bxd3 21.Rxd3 b6 22.Qb2 Qe6
23.Qxb4 Rxa2 24.dxe5 Ng6 25.Qxb6 Rda8 26.Qb3 Nh4 27.Qxe6 Rxg2+ 28.Kh1 fxe6
29.Rd4 Rf2 30.Kg1 Rxf1+ 31.Kxf1 Nxf3 32.Rb4 Nxh2+ 33.Kg2 Ra2+ 34.Kg3 Nf1+
35.Kf4 Rf2+ 36.Ke4 h5 37.Kd3 Rd2+ 38.Ke4 Rf2 39.Kd3 Rd2+ 40.Ke4 Rd5 41.Kf4 Rxc5
42.Rb8+ Kh7 43.Nf7 Nd2 44.Ng5+ Kg6 45.Re8 Rxe5 46.Kxe5 Kxg5 47.Rxe6 h4 48.Rxc6 h3
49.Rc1 h2 50.Kd5 Nf3 51.Rh1 Kh4 52.e4 Kh3 53.e5 Nh4 54.e6 Nf5 55.Ke5 Ne7
56.Kd6 Ng8 57.e7 Nxe7 58.Kxe7 g5 59.Kf6 g4 60.Kg5 Kg2 61.Rxh2+ Kxh2 62.Kxg4  1/2-1/2

[Event "Blue Sevan"]
[Site "Sevan ARM"]
[Date "2006.07.14"]
[Round "2"]
[White "Pashikian,A"]
[Black "Kotanjian,T"]
[Result "0-1"]
[WhiteElo "2508"]
[BlackElo "2515"]

1.d4 d5 2.c4 c6 3.Nf3 Nf6 4.Nc3 e6 5.e3 Nbd7 6.Qc2 Bd6 7.g4 Nxg4 8.Rg1 Nh6
9.e4 dxe4 10.Nxe4 Bb4+ 11.Bd2 Bxd2+ 12.Qxd2 Nf5 13.O-O-O Nf6 14.Bd3 O-O 15.Ne5 Nxe4
16.Bxe4 Qh4 17.Rg4 Qh6 18.f4 Rd8 19.Qf2 Bd7 20.Rdg1 g6 21.h4 Be8 22.h5 Qg7
23.hxg6 fxg6 24.d5 cxd5 25.cxd5 Qf6 26.Rg5 Ng7 27.Ng4 Qf8 28.Kb1 exd5 29.Bxd5+ Kh8
30.Rh1 Rxd5 31.Rxd5 Bc6 32.Qh4 Nh5 33.Rd4 Bxh1  0-1

[Event "3rd ACT"]
[Site "Amsterdam NED"]
[Date "2006.07.15"]
[Round "1"]
[White "Strating,S"]
[Black "Cuijpers,F"]
[Result "1-0"]
[WhiteElo "2279"]
[BlackElo "2510"]

1.d4 d5 2.c4 c6 3.Nc3 Nf6 4.e3 e6 5.Nf3 Nbd7 6.Bd3 dxc4 7.Bxc4 b5 8.Be2 Bb7
9.O-O Be7 10.a3 a6 11.b4 a5 12.Rb1 axb4 13.axb4 Qb8 14.Qc2 O-O 15.e4 e5 16.dxe5 Nxe5
17.Nxe5 Qxe5 18.Be3 Ra3 19.Rfc1 Qe6 20.h3 Re8 21.Bd4 Bd6 22.Bd3 Be5 23.Bxe5 Qxe5
24.Qb2 Raa8 25.Re1 h6 26.Re3 Nd7 27.Qd2 Red8 28.Ne2 Nb6 29.Qc2 Ra3 30.Rg3 Ra1
31.f4 Rxb1+ 32.Qxb1 Qe7 33.Qb2 g6 34.f5 g5 35.f6 Qd6 36.h4 Na4 37.Qd2 Qxf6
38.hxg5 hxg5 39.Rxg5+ Kf8 40.Rf5 Qa1+ 41.Rf1 Qe5 42.Rf5 Qd6 43.Rf3 Re8 44.Qg5 Qe5
45.Qh6+ Ke7 46.Qh4+ Kd6 47.Rxf7 Bc8 48.Qh6+ Be6 49.Bc2 c5 50.Rf5 Qa1+ 51.Rf1 Qe5
52.Rf5 Qa1+ 53.Kf2 Kd7 54.Bxa4 Qxa4 55.Qd2+ Ke7 56.Rxc5 Rf8+ 57.Nf4 Qa7 58.g3 Bc4
59.Qb2 Qb8 60.Re5+ Kd6 61.Qd4+ Kc6 62.Qc5+ Kb7 63.Ke3 Rf7 64.Re7+ Rxe7 65.Qxe7+ Kc6
66.Qc5+ Kd7 67.e5 Qg8 68.Qd6+ Kc8 69.Ng6 Kb7 70.Kd4 Bb3 71.Qe7+ Ka6 72.Qd6+ Kb7
73.Qd7+ Kb6 74.Ne7 Qc4+ 75.Ke3 Qc3+ 76.Kf2 Qc2+ 77.Kf3 Qc3+ 78.Kg4 Qxb4+
79.Kg5 Qe4 80.Qd6+ Kb7 81.Nf5 Bc2 82.g4 b4 83.e6 Ba4 84.e7 b3 85.Qa3 Kb6
86.Qb2 Kc5 87.Qc3+ Kb6 88.Qe3+ Qxe3+ 89.Nxe3 Kc5 90.Nd1 Kd6 91.Kf6 Be8 92.g5 Bh5
93.Nb2 Be8 94.Nc4+ Kc5 95.Nd2 b2 96.g6 Kd4 97.g7 Kd3 98.Nb1 Kc2 99.g8=Q  1-0

[Event "Open A"]
[Site "Banska Stiavnica SVK"]
[Date "2006.07.15"]
[Round "8"]
[White "Kantorik,M"]
[Black "Mikita,J"]
[Result "1-0"]
[WhiteElo "2330"]
[BlackElo "2271"]

1.d4 d5 2.c4 c6 3.Nf3 Nf6 4.Nc3 e6 5.e3 Nbd7 6.Qc2 Bd6 7.g4 dxc4 8.Bxc4 b5
9.Be2 Bb7 10.g5 Nd5 11.Ne4 Be7 12.Bd2 Rc8 13.Nc5 Nxc5 14.dxc5 Bxg5 15.Nxg5 Qxg5
16.O-O-O e5 17.f4 exf4 18.Rhg1 Qe7 19.exf4 O-O 20.Bd3 h6 21.Rg3 Qf6 22.Rdg1 Rce8
23.Qd1 Bc8 24.Qh5 Kh8 25.f5 Re5 26.Rxg7 Bxf5 27.Bxh6 Bxd3 28.Rg8+  1-0

[Event "ch-SVK"]
[Site "Banska Stiavnica SVK"]
[Date "2006.07.15"]
[Round "8"]
[White "Likavsky,T"]
[Black "Michalik,P"]
[Result "1-0"]
[WhiteElo "2498"]
[BlackElo "2330"]

1.Nf3 Nf6 2.c4 e6 3.Nc3 d5 4.d4 c6 5.e3 a6 6.b3 Nbd7 7.Bb2 b5 8.Bd3 Bb7 9.O-O Bd6
10.c5 Be7 11.b4 O-O 12.Ne5 Ne8 13.e4 f6 14.Nf3 g6 15.Re1 Rf7 16.Qc2 Bf8 17.Re2 Bh6
18.Rae1 Nc7 19.a3 Qf8 20.Na2 Re8 21.Nc1 Rfe7 22.Nb3 f5 23.e5 Qg7 24.Ra1 Nb8
25.h4 Qf8 26.g3 Rf7 27.Ng5 Bxg5 28.hxg5 f4 29.Qd2 fxg3 30.fxg3 Qe7 31.Kg2 Ref8
32.Rh1 Rg7 33.Bc1 Kf7 34.Rf2+ Ke8 35.Rf6 Kd8 36.Rhf1 Rgf7 37.Qf2 Ke8 38.Nd2 Nd7
39.Nf3 Kd8 40.Nh2 Ke8 41.Ng4 Bc8 42.Bf4 Kd8 43.Ra1 Bb7 44.a4 Ne8 45.Qa2 Kc8
46.axb5 axb5 47.Qa7 Nc7 48.Nh2 Nb8 49.Be2 Ne8 50.Ng4 Nc7 51.Nh6 Rg7 52.Bg4 Re8
53.Bd2 Qd7 54.Raf1 Ree7 55.Rf8+ Ne8 56.Ng8 Rxg8 57.Rxg8 Rf7 58.Rf6 Rxf6 59.exf6  1-0

[Event "6th Open"]
[Site "Saint Chely d'Aubrac FRA"]
[Date "2006.07.16"]
[Round "2"]
[White "Grigore,Ge"]
[Black "Sauvan,O"]
[Result "1-0"]
[WhiteElo "2472"]
[BlackElo "2017"]

1.d4 d5 2.c4 c6 3.Nf3 Nf6 4.Nc3 e6 5.e3 Nbd7 6.Qc2 Bd6 7.Bd2 O-O 8.h3 b6
9.g4 Bb7 10.g5 Nh5 11.cxd5 exd5 12.O-O-O Rc8 13.Kb1 c5 14.Be2 g6 15.h4 a6
16.Nh2 Ng7 17.Bf3 cxd4 18.exd4 Nf5 19.Qd3 Rc4 20.Ne2 b5 21.Ng4 b4 22.h5 a5
23.Bg2 Kg7 24.Qh3 Rh8 25.Ne3 Nxe3 26.Bxe3 a4 27.hxg6 fxg6 28.Nf4 Bxf4 29.Bxf4 Qe7
30.Rde1 Qd8 31.Bd6 Nf8 32.Re7+ Kg8 33.Qf3  1-0

[Event "Blue Sevan"]
[Site "Sevan ARM"]
[Date "2006.07.16"]
[Round "4"]
[White "Vitiugov,N"]
[Black "Kotanjian,T"]
[Result "0-1"]
[WhiteElo "2555"]
[BlackElo "2515"]

1.d4 d5 2.c4 c6 3.Nc3 e6 4.e3 Nf6 5.Nf3 Nbd7 6.Bd3 dxc4 7.Bxc4 b5 8.Bd3 a6
9.e4 c5 10.e5 cxd4 11.Ne4 Nd5 12.O-O h6 13.a4 b4 14.a5 Bb7 15.Bc4 N5b6 16.axb6 Bxe4
17.Qxd4 Bb7 18.Be3 Bc5 19.Qg4 Bxe3 20.Qxg7 Ke7 21.Nh4 Qg8 22.Ng6+ Ke8 23.Qxh8 Qxh8
24.Nxh8 Bxb6 25.Rad1 Nxe5 26.Bxe6 fxe6 27.Rd6 Bc7 28.Rxe6+ Kd7 29.Rxh6 Rg8
30.Rh7+ Ke6 31.Rh6+ Kf5 32.f3 Bd8 33.Rh7 Bd5 34.Rd1 Bb6+ 35.Kh1 Rxg2 36.Kxg2 Bxf3+
37.Kf1 Bxd1 38.Nf7 Nxf7 39.Rxf7+ Ke5 40.Ke1 Bb3 41.Rb7 Bd8 42.Kd2 a5 43.h4 Bd5
44.Rb5 Kd4 45.h5 Kc4 46.Rb8 Bg5+ 47.Ke1 a4 48.Rc8+ Kb3 49.Rc5 Bh4+ 50.Kd2 Be4
51.h6 Bf6  0-1

[Event "Canadian Open"]
[Site "Kitchener CAN"]
[Date "2006.07.17"]
[Round "3"]
[White "Zubac,M"]
[Black "Mulyar,M"]
[Result "1/2-1/2"]
[WhiteElo "2217"]
[BlackElo "2391"]

1.d4 d5 2.c4 c6 3.Nc3 Nf6 4.Nf3 e6 5.e3 Nbd7 6.Bd3 dxc4 7.Bxc4 b5 8.Be2 Bb7
9.O-O Be7 10.e4 b4 11.e5 bxc3 12.exf6 Nxf6 13.bxc3 O-O 14.Rb1 Qc7 15.Bf4 Qxf4
16.Rxb7 Bd6 17.g3  1/2-1/2

[Event "Blue Sevan"]
[Site "Sevan ARM"]
[Date "2006.07.17"]
[Round "5"]
[White "Melkumyan,H"]
[Black "Vitiugov,N"]
[Result "0-1"]
[WhiteElo "2360"]
[BlackElo "2555"]

1.d4 d5 2.c4 e6 3.Nc3 c6 4.e3 Nf6 5.Nf3 Nbd7 6.Qc2 Bd6 7.g4 h6 8.Rg1 dxc4
9.Bxc4 b5 10.Be2 Bb7 11.h4 b4 12.Na4 c5 13.Nxc5 Bxc5 14.dxc5 Rc8 15.Bd2 a5
16.a3 Rxc5 17.Qd1 bxa3 18.Rxa3 Ne4 19.b4 Rd5 20.Rxa5 Nxd2 21.Nxd2 Rxa5 22.bxa5 Qxa5
23.Kf1 Ke7 24.Bf3 Ne5 25.Bxb7 Rd8 26.Be4 Rxd2 27.Qb3 Qa6+ 28.Kg2 Nxg4 29.Qb8 Qd6
30.Qa7+ Kf6 31.Kf3 Qh2 32.Rg2 Ne5+  0-1

[Event "Canadian Open"]
[Site "Kitchener CAN"]
[Date "2006.07.18"]
[Round "4"]
[White "Arencibia,W"]
[Black "Huzman,A"]
[Result "1/2-1/2"]
[WhiteElo "2539"]
[BlackElo "2585"]

1.d4 Nf6 2.c4 e6 3.Nf3 d5 4.Nc3 c6 5.e3 Nbd7 6.Qc2 Bd6 7.g4 h6 8.Rg1 e5 9.g5 hxg5
10.Rxg5 e4 11.Nd2 Kf8 12.h3 Ne8 13.Rg1 Ndf6 14.Qb3 Nc7 15.f3 Bh2 16.Rh1 Bg3+  1/2-1/2

[Event "3rd ACT"]
[Site "Amsterdam NED"]
[Date "2006.07.21"]
[Round "7"]
[White "Siebrecht,S"]
[Black "Erenburg,S"]
[Result "0-1"]
[WhiteElo "2414"]
[BlackElo "2585"]

1.c4 e6 2.d4 d5 3.Nc3 c6 4.e3 Nf6 5.Nf3 Nbd7 6.Qc2 Bd6 7.Bd3 O-O 8.O-O h6
9.h3 a6 10.b3 b6 11.Bb2 Bb7 12.Rad1 Qc7 13.e4 dxe4 14.Nxe4 Nxe4 15.Bxe4 Nf6
16.Bd3 Qe7 17.Qe2 c5 18.Bb1 cxd4 19.Bxd4 Bc5 20.Bc3 Rfd8 21.Ne5 a5 22.h4 Qc7
23.Rfe1 Rac8 24.Kf1 h5 25.f3 b5 26.Qc2 Rxd1 27.Rxd1 bxc4 28.Rd7 Nxd7 29.Qh7+ Kf8
30.Qh8+ Ke7 31.Qxg7 Nxe5 32.Bxe5 Qd7 33.Qf6+ Ke8 34.Qh8+ Bf8 35.Ke2 cxb3
36.axb3 Ba6+ 37.Ke3 Qd1 38.Be4 Kd7 39.Qxh5 Bc5+ 40.Kf4 Qd2+  0-1

[Event "Canadian Open"]
[Site "Kitchener CAN"]
[Date "2006.07.21"]
[Round "7"]
[White "Huzman,A"]
[Black "Corrales,Fi"]
[Result "1/2-1/2"]
[WhiteElo "2585"]
[BlackElo "2492"]

1.d4 d5 2.c4 c6 3.Nf3 Nf6 4.Nc3 e6 5.e3 a6 6.b3 Bb4 7.Bd2 Nbd7 8.Bd3 Qe7
9.O-O O-O 10.Ne5 Nxe5 11.dxe5 Nd7 12.f4 f6 13.Qc2 h6 14.exf6 Nxf6 15.Na4  1/2-1/2

[Event "Czech Open A"]
[Site "Pardubice CZE"]
[Date "2006.07.21"]
[Round "1"]
[White "Saric,A"]
[Black "Cerveny,M"]
[Result "1/2-1/2"]
[WhiteElo "2475"]
[BlackElo "2262"]

1.d4 d5 2.c4 c6 3.e3 Nf6 4.Nc3 e6 5.Nf3 Nbd7 6.Qc2 Bd6 7.Bd3 O-O 8.O-O a6
9.c5 Bc7 10.e4 dxe4 11.Nxe4 Nxe4 12.Bxe4 h6 13.Re1 f5 14.Bd3 Nf6 15.Bd2 Nd5
16.Re2 Bd7 17.Bc4 Qf6 18.Rae1 Rad8 19.Qc1 g5 20.Ne5 Bc8 21.f4 g4 22.Bc3 h5
23.Rf1 Rfe8 24.Qe1 b5 25.Bxd5 Rxd5 26.Nxc6 Bb7 27.Nb4 a5 28.Nxd5 Bxd5 29.b3 b4
30.Bb2 h4 31.Re3 Kf7 32.Qf2 Qh6 33.Bc1  1/2-1/2

[Event "Czech Open A"]
[Site "Pardubice CZE"]
[Date "2006.07.21"]
[Round "1"]
[White "Stefansson,H"]
[Black "Kantorik,M"]
[Result "1/2-1/2"]
[WhiteElo "2569"]
[BlackElo "2330"]

1.d4 d5 2.c4 c6 3.Nc3 Nf6 4.e3 e6 5.Nf3 Nbd7 6.Bd3 dxc4 7.Bxc4 b5 8.Bd3 a6
9.e4 c5 10.e5 cxd4 11.Nxb5 Nxe5 12.Nxe5 axb5 13.Bxb5+ Bd7 14.Nxd7 Qa5+ 15.Bd2 Qxb5
16.Nxf8 Rxf8 17.b3 Nd5 18.h4 Ke7 19.a4 Qa6 20.Qg4 Rfb8 21.Rh3 Nb4 22.Bxb4+ Rxb4
23.Qxg7 d3 24.Rf3 d2+ 25.Kxd2 Rd8+ 26.Ke1 Re4+ 27.Re3 Rxe3+ 28.fxe3 Qd3 29.Qg5+ Kf8
30.Qc5+ Kg8 31.Rc1 Qd2+ 32.Kf1 e5 33.Qc3 Qd5 34.a5 Rd6 35.h5 Kg7 36.Qc5 Qd3+
37.Kg1 Rd5 38.Qc3 Qxc3 39.Rxc3 Rxa5 40.b4 Ra1+ 41.Kf2 Rb1 42.Rc4 f5 43.e4 Rb2+
44.Kg3 Kf6 45.exf5 Kxf5 46.Rg4 Rb3+ 47.Kh4 Rb1 48.Rg7 Rh1+ 49.Kg3 Rxh5 50.Kf3 Rh1
51.b5 Rb1  1/2-1/2

[Event "Czech Open A"]
[Site "Pardubice CZE"]
[Date "2006.07.21"]
[Round "1"]
[White "Jovanic,O"]
[Black "Genutis,M"]
[Result "1-0"]
[WhiteElo "2464"]
[BlackElo "2259"]

1.d4 d5 2.c4 c6 3.Nc3 Nf6 4.e3 e6 5.Nf3 Nbd7 6.Bd3 dxc4 7.Bxc4 b5 8.Bd3 a6
9.a4 b4 10.Ne4 Bb7 11.O-O Be7 12.Qc2 Rc8 13.Rd1 O-O 14.Nxf6+ Nxf6 15.e4 h6
16.e5 Nd5 17.Qe2 Qd7 18.Bxa6 Bxa6 19.Qxa6 c5 20.dxc5 Rxc5 21.Bd2 Rc2 22.Qd3 Rfc8
23.b3 Qc7 24.Nd4 Rc5 25.Qg3 Nc3 26.Re1 Kh8 27.Nf3 Qb7 28.Be3 Rd5 29.Qf4 Bc5
30.a5 Ra8 31.Bxc5 Rxc5 32.a6 Rxa6 33.Rxa6 Qxa6 34.Qxf7 Ne2+ 35.Kh1 Rc1 36.Qf8+ Kh7
37.Qxb4 Qd3 38.h3 Rc2 39.Qh4 Rc3 40.Ng5+ Kg8 41.Nxe6  1-0

[Event "10th Battle of Senta 1697 Open"]
[Site "Senta SCG"]
[Date "2006.07.21"]
[Round "1"]
[White "Djuketic,N"]
[Black "Ferenczi,J2"]
[Result "1/2-1/2"]
[WhiteElo "2275"]
[BlackElo "1999"]

1.d4 d5 2.Nf3 c6 3.c4 Nf6 4.Nc3 e6 5.e3 Be7 6.b3 O-O 7.Bd3 Nbd7 8.O-O b6
9.Qe2 Bb7 10.Bb2 c5 11.cxd5 Nxd5 12.Nxd5 exd5 13.Rfd1 Bf6 14.Rac1 Rc8 15.Ba6 Bxa6
16.Qxa6 Qc7 17.Ba3 Rfd8 18.dxc5 Nxc5 19.Qb5 a6 20.Qe2 Qb7 21.Bb2 Bxb2 22.Qxb2 Ne4
23.Rxc8 Rxc8 24.h3 h6 25.Qe5 Nf6 26.Nd4 Qc7 27.Qxc7 Rxc7 28.f3 g6 29.Kf2 b5
30.Rd2 Kf8 31.g4 Ke7 32.Ke2 Rc1 33.Rd1 Rxd1 34.Kxd1 Kd6 35.Kd2 Nd7 36.Kc3 Kc5
37.Nc2 Ne5 38.Nd4 b4+ 39.Kd2 Nd7 40.h4 Kd6 41.Ke2 Nc5 42.h5 Nd7 43.f4 Nf6
44.g5 hxg5 45.h6 gxf4 46.exf4 Nh7 47.Nf3 Nf6 48.Nh4 g5 49.Nf5+ Kc5 50.Nh4 gxh4
51.Ke3  1/2-1/2

[Event "32nd Open"]
[Site "Sitges ESP"]
[Date "2006.07.21"]
[Round "1"]
[White "Panelo,M"]
[Black "Sergent,M"]
[Result "1-0"]
[WhiteElo "2418"]
[BlackElo "1962"]

1.d4 d5 2.c4 c6 3.Nc3 Nf6 4.Nf3 e6 5.e3 Bd6 6.Bd3 O-O 7.O-O Nbd7 8.e4 dxe4
9.Nxe4 Nxe4 10.Bxe4 f5 11.Bc2 Nf6 12.c5 Bc7 13.Bg5 Qe8 14.Re1 Nd5 15.Bd2 Qh5
16.Bb3 Bd7 17.Bxd5 cxd5 18.Qb3 b6 19.c6 Bc8 20.Bb4 Re8 21.Qa3 Qf7 22.Bd6 Bxd6
23.Qxd6 Qe7 24.Qf4 a5 25.Re3 h6 26.h4 Ra7 27.Rb3 Ra6 28.Ne5 Qd6 29.Rc1 a4
30.Rg3 Kh7 31.Rcc3 Ra7 32.Rg6 Ree7 33.a3 b5 34.Rc5 Ba6 35.Qxf5 Kg8 36.Qg4 Kh7
37.Rc3 Bc8 38.Rg3 Qd8 39.Rxh6+ gxh6 40.Qg6+ Kh8 41.Qxh6+  1-0

[Event "3rd ACT"]
[Site "Amsterdam NED"]
[Date "2006.07.22"]
[Round "8"]
[White "Ftacnik,L"]
[Black "Van de Oudeweetering,A"]
[Result "1-0"]
[WhiteElo "2579"]
[BlackElo "2345"]

1.d4 d5 2.c4 c6 3.Nf3 Nf6 4.Nc3 e6 5.e3 Nbd7 6.Qc2 Bd6 7.g4 Bb4 8.Bd2 Qe7
9.Rg1 Bxc3 10.Bxc3 Ne4 11.O-O-O b6 12.Be1 Bb7 13.Nd2 Nxd2 14.Bxd2 dxc4 15.Bxc4 c5
16.Bc3 cxd4 17.Rxd4 e5 18.Bb4 Qd8 19.Qf5  1-0

[Event "Politiken Cup"]
[Site "Copenhagen DEN"]
[Date "2006.07.22"]
[Round "1"]
[White "Roelvaag,M"]
[Black "Pieri,E"]
[Result "1-0"]
[WhiteElo "2282"]
[BlackElo "1940"]

1.d4 d5 2.Nf3 Nf6 3.c4 e6 4.Nc3 c6 5.e3 Bd6 6.Qc2 Nbd7 7.b3 e5 8.Be2 O-O
9.O-O Re8 10.cxd5 e4 11.Nd2 cxd5 12.Nb5 Bb8 13.Ba3 Nf8 14.Rfc1 Ne6 15.Nf1 a6
16.Nc3 Nf8 17.Na4 b5 18.Nc5 Ng4 19.h3 Nh6 20.f4 exf3 21.Bxf3 Qg5 22.Re1 Bxh3
23.Bxd5 Qxd5 24.gxh3 Ng6 25.Qg2 Qxg2+ 26.Kxg2 Nh4+ 27.Kf2 N6f5 28.Bb2 Nd6
29.e4 f6 30.Nd2 Ra7 31.a4 a5 32.axb5 Nxb5 33.Nc4 Bc7 34.d5 Ng6 35.Ne6 Be5
36.Bxe5 fxe5 37.Rxa5 Rf7+ 38.Ke3 Nd4 39.Nxd4 exd4+ 40.Kxd4  1-0

[Event "Politiken Cup"]
[Site "Copenhagen DEN"]
[Date "2006.07.22"]
[Round "1"]
[White "Masters,A"]
[Black "Ostergaard,R"]
[Result "1/2-1/2"]
[WhiteElo "1764"]
[BlackElo "2173"]

1.d4 d5 2.c4 c6 3.e3 Nf6 4.Nc3 e6 5.Nf3 Nbd7 6.Bd3 dxc4 7.Bxc4 b5 8.Bd3 a6
9.O-O c5 10.Re1 Bb7 11.a3 Be7 12.e4 cxd4 13.Nxd4 Ne5 14.Bf4 Nxd3 15.Qxd3 O-O
16.b4 Nh5 17.Be5 f6 18.Qe3 Qb6 19.Bc7 Qxc7 20.Nxe6 Qe5 21.Nxf8 Bxf8 22.Rad1 Nf4
23.Nd5 Nxd5 24.exd5 Qxe3 25.Rxe3 Rd8 26.d6 Kf7 27.Red3 Rd7 28.f3 Ke6 29.Re1+ Kf7
30.Red1 Ke6  1/2-1/2

[Event "Czech Open A"]
[Site "Pardubice CZE"]
[Date "2006.07.22"]
[Round "2"]
[White "Genutis,M"]
[Black "Vas,P SWE"]
[Result "1-0"]
[WhiteElo "2259"]
[BlackElo "2104"]

1.d4 d5 2.c4 c6 3.Nf3 Nf6 4.Nc3 e6 5.e3 Nbd7 6.Qc2 Bd6 7.g4 Nxg4 8.Rg1 Nxh2
9.Nxh2 Bxh2 10.Rxg7 Nf8 11.Rg2 Bc7 12.Bd2 Ng6 13.O-O-O Nh4 14.Rg1 Nf3 15.Rh1 h5
16.Be2 Nxd2 17.Qxd2 h4 18.f4 Qf6 19.Rh2 Bd7 20.Rdh1 Bd6 21.Qe1 Be7 22.Nd1 O-O-O
23.c5 Rdg8 24.Nf2 Qg6 25.b4 Rg7 26.a4 Rhg8 27.b5 Bd8 28.Qb4 Qf5 29.b6 axb6
30.cxb6 Rg1+ 31.Kd2 Bf6 32.Bd3 Qh5 33.Be2 Qf5 34.a5 Kd8 35.Bd3 Qh5 36.Rxg1 Rxg1
37.Qf8+ Be8 38.Qd6+ Bd7 39.a6 Ra1 40.axb7 Ra2+ 41.Kc3  1-0

[Event "6th Open"]
[Site "Saint Chely d'Aubrac FRA"]
[Date "2006.07.22"]
[Round "9"]
[White "Saucey,Mic"]
[Black "Mullon,J"]
[Result "1/2-1/2"]
[WhiteElo "2342"]
[BlackElo "2375"]

1.d4 d5 2.Nf3 Nf6 3.c4 c6 4.Nc3 e6 5.e3 Nbd7 6.Bd3 dxc4 7.Bxc4 b5 8.Bd3 b4
9.Ne4 Be7 10.Nxf6+ Nxf6 11.e4 Bb7 12.Bg5 h6 13.Bxf6 Bxf6 14.e5 Be7 15.Qe2 Qb6
16.O-O c5 17.Bb5+ Kf8 18.dxc5 Bxc5 19.a3 Ke7 20.axb4 Bxb4 21.Ba6 Bc6 22.Nd2 Rhd8
23.Nc4 Qd4 24.Na5 Bxa5 25.Rxa5 Rab8 26.Qc2 Rb6 27.b3 Rd5 28.Raa1 Rc5 29.Bc4 a5
30.Rad1 Qxe5 31.Qd3 Qc7 32.Rfe1 Rg5 33.g3 Rb8 34.h4 Re5 35.Qc3 Rxe1+ 36.Rxe1 Kf8
37.Ra1 Rb4 38.Qd3 Bb7 39.Rd1 a4 40.Qc3 Qc5 41.Rd8+ Ke7 42.Qd2 Bd5 43.Rc8 Qd6
44.Bxd5 exd5 45.bxa4 Rxa4 46.Qe3+ Re4 47.Qa7+ Kf6 48.Qa8 Re1+  1/2-1/2

[Event "Sunny Pawn A"]
[Site "Illichevsk UKR"]
[Date "2006.07.23"]
[Round "4"]
[White "Savchenko,S"]
[Black "Itkis,B"]
[Result "1/2-1/2"]
[WhiteElo "2508"]
[BlackElo "2453"]

1.d4 d5 2.c4 c6 3.Nc3 Nf6 4.e3 e6 5.Nf3 Nbd7 6.Qc2 b6 7.b3 Bb7 8.Bb2 Bd6
9.Bd3 O-O 10.O-O Rc8 11.e4 dxe4 12.Nxe4 Nxe4 13.Bxe4 h6 14.c5 Be7 15.Rfd1 Qc7
16.b4 a5 17.a3 Nf6 18.Ne5 Nxe4 19.Qxe4 Ba6 20.cxb6 Qxb6 21.Nd7 Qb7 22.Nxf8 Bxf8
23.Rdc1 axb4 24.axb4 Bb5 25.Ra3 Ra8 26.Rxa8 Qxa8 27.Ra1 Qb7 28.Qe5 Bc4 29.Bc3 Bd5
30.Qe2 Qe7 31.Qe3 Qb7 32.Qd3 Bd6 33.Bd2 f5 34.Qa6 Qe7 35.h3 Kh7 36.Qd3 Qf7
37.Ra8 Qg6 38.Qf1 Qf6 39.Qd3 Qg6 40.Qf1 Qf6 41.Qd3  1/2-1/2

[Event "Czech Open A"]
[Site "Pardubice CZE"]
[Date "2006.07.23"]
[Round "3"]
[White "Otte,Marc"]
[Black "Kantorik,M"]
[Result "1/2-1/2"]
[WhiteElo "2228"]
[BlackElo "2330"]

1.Nf3 Nf6 2.c4 e6 3.Nc3 d5 4.d4 c6 5.e3 Nbd7 6.Bd3 dxc4 7.Bxc4 b5 8.Bd3 Bb7
9.O-O b4 10.Na4 Be7 11.Bd2 O-O 12.Qc2 a5 13.Ne5 Qc7 14.Nxd7 Qxd7 15.Nb6 Qd6
16.Nxa8 Rxa8 17.f3 Rd8 18.Be1 c5 19.Bf2 cxd4 20.exd4 g6 21.Rfd1 Qd5 22.Qc4 Qg5
23.Qb5 Bd5 24.Qxa5 Ra8 25.Qb5 Bd6 26.Be2 Nh5 27.g3 Bxg3 28.hxg3 Nxg3 29.Bxg3 Qxg3+
30.Kf1 Bxf3 31.Bxf3 Qxf3+ 32.Ke1 Qg3+ 33.Kd2 Rc8 34.Qe2 Qg5+ 35.Kd3 Qb5+
36.Ke3 Qg5+ 37.Kd3  1/2-1/2

[Event "Czech Open A"]
[Site "Pardubice CZE"]
[Date "2006.07.23"]
[Round "3"]
[White "Ajrapetjan,Y"]
[Black "Bobras,P"]
[Result "1/2-1/2"]
[WhiteElo "2406"]
[BlackElo "2535"]

1.d4 d5 2.c4 c6 3.Nf3 Nf6 4.Nc3 e6 5.e3 Nbd7 6.Bd3 dxc4 7.Bxc4 b5 8.Bd3 Bb7
9.O-O a6 10.e4 c5 11.e5 cxd4 12.Nxb5 Bxf3 13.Qxf3 Nd5 14.Nxd4 Nxe5 15.Qe2 Nxd3
16.Qxd3 Bd6 17.g3 O-O 18.Be3 Qf6 19.Rac1 h5 20.h4 Nxe3 21.Qxe3 Be5 22.Nc6 Bxb2
23.Rc2  1/2-1/2

[Event "Czech Open A"]
[Site "Pardubice CZE"]
[Date "2006.07.23"]
[Round "3"]
[White "Kovacevic,B"]
[Black "Borovikov,V"]
[Result "1/2-1/2"]
[WhiteElo "2490"]
[BlackElo "2582"]

1.d4 d5 2.c4 c6 3.e3 Nf6 4.Nc3 e6 5.Nf3 Nbd7 6.Bd3 dxc4 7.Bxc4 b5 8.Be2 Bb7
9.O-O Be7 10.e4 b4 11.e5 bxc3 12.exf6 Bxf6 13.bxc3 c5 14.dxc5 O-O 15.Be3 Be7
16.c6 Bxc6 17.Nd4 Bb7 18.Rb1 Nb6 19.Bf3 Bxf3 20.Qxf3 Bf6 21.Nb5  1/2-1/2

[Event "10th Battle of Senta 1697 Open"]
[Site "Senta SCG"]
[Date "2006.07.23"]
[Round "4"]
[White "Damjanovic,D"]
[Black "Igaz,E"]
[Result "1/2-1/2"]
[WhiteElo "2273"]
[BlackElo "2099"]

1.d4 d5 2.c4 e6 3.Nc3 Nf6 4.Nf3 c6 5.e3 Bd6 6.Bd3 Nbd7 7.e4 dxe4 8.Nxe4 Nxe4
9.Bxe4 e5 10.O-O h6 11.Bf5 O-O 12.Bxd7 Bxd7 13.dxe5 Bc7 14.h3 Qe7 15.Bf4 c5
16.Qb3 Bc6 17.Rad1 Rad8 18.Rfe1 Qe6 19.Rxd8 Rxd8 20.Qc3 Qf5 21.Qc1 Bxf3 22.gxf3 Rd4
23.Bg3 Qxf3 24.Qe3 Qxe3 25.Rxe3 Rd7 26.Kf1 Kf8 27.Ke2 Ke7 28.Rd3 Rxd3 29.Kxd3 Ke6
30.Ke4 g6 31.b3 Bd8 32.Bf4 Bg5 33.Bxg5 hxg5 34.a3 b6 35.f3 a6 36.a4 a5 37.f4 gxf4
38.Kxf4 Ke7 39.Ke4 Kd7 40.Kf4 Ke6 41.h4 Kd7  1/2-1/2

[Event "Czech Open B1"]
[Site "Pardubice CZE"]
[Date "2006.07.24"]
[Round "4"]
[White "Brokken,D"]
[Black "Reitinger,P"]
[Result "1-0"]
[WhiteElo "2173"]
[BlackElo "2102"]

1.d4 d5 2.c4 c6 3.Nc3 Nf6 4.e3 e6 5.Nf3 Nbd7 6.Bd3 Bd6 7.O-O O-O 8.e4 dxe4
9.Nxe4 Nxe4 10.Bxe4 Nf6 11.Bc2 h6 12.Re1 b6 13.Qe2 Qc7 14.b3 Bb7 15.Bb2 Rfe8
16.h3 c5 17.dxc5 Qxc5 18.Ne5 Rad8 19.Rad1 Bxe5 20.Qxe5 Qxe5 21.Bxe5 Bc6 22.a4 Nd7
23.Bd6 a5 24.Bc7 Rc8 25.Bd6  1-0

[Event "10th Battle of Senta 1697 Open"]
[Site "Senta SCG"]
[Date "2006.07.24"]
[Round "5"]
[White "Sirotanovic,O"]
[Black "Kanjuh,V"]
[Result "0-1"]
[WhiteElo "2285"]
[BlackElo "2089"]

1.c4 c6 2.Nc3 d5 3.d4 Nf6 4.Nf3 e6 5.e3 Nbd7 6.Bd3 Bd6 7.O-O O-O 8.e4 dxe4
9.Nxe4 Nxe4 10.Bxe4 Nf6 11.Bc2 c5 12.dxc5 Bxc5 13.Qxd8 Rxd8 14.a3 b6 15.b4 Be7
16.Bb2 Bb7 17.Rfd1 Bxf3 18.gxf3 Rxd1+ 19.Rxd1 Rd8 20.Rxd8+ Bxd8 21.Be5 Kf8
22.Ba4 Ke7 23.Bc6 a5 24.Kf1 axb4 25.axb4 g6 26.Ke2 Nd7 27.Bd4 Kd6 28.Ba4 Bf6
29.Be3 Bc3 30.Bxd7 Kxd7 31.b5 Ba5 32.Kd3 f5 33.Kd4 Bb4 34.Ke5 Bd6+ 35.Kf6 Bxh2
36.Bxb6 Bf4 37.c5 h5 38.c6+ Kc8 39.Ba5 h4 40.b6 h3 41.b7+ Kb8  0-1

[Event "Politiken Cup"]
[Site "Copenhagen DEN"]
[Date "2006.07.25"]
[Round "4"]
[White "Antonsen,M"]
[Black "Jorgensen,D"]
[Result "1-0"]
[WhiteElo "2380"]
[BlackElo "2179"]

1.d4 d5 2.c4 c6 3.Nf3 Nf6 4.e3 e6 5.Nc3 Nbd7 6.Qc2 Bd6 7.Bd3 a6 8.c5 Bc7
9.e4 dxe4 10.Nxe4 Nxe4 11.Bxe4 Nf6 12.Bd3 h6 13.O-O O-O 14.Bd2 Nd5 15.Rfe1 Qf6
16.Ne5 Rd8 17.Re4 Qe7 18.Rae1 f5 19.R4e2 Qh4 20.Nf3 Qf6 21.Bc4 Bd7 22.b4 Re8
23.Qc1 Re7 24.Bxd5 cxd5 25.Bf4 Rc8 26.Bxc7 Rxc7 27.Qf4 Bb5 28.Rxe6 Rxe6 29.Rxe6 Qxe6
30.Qxc7 Qe4 31.h3 Kh7 32.Qe5 Bc4 33.a3 Qb1+ 34.Kh2 Qc2 35.Qe3 Qb2 36.Ne5 Ba2
37.h4 Bb1 38.h5 f4 39.Qxf4 Qxa3 40.Qf8 Qc1 41.Qf7 Qg5 42.Nf3 Qg4 43.Qxd5 Be4
44.Qf7 Bxf3 45.Qxf3 Qh4+ 46.Kg1 Qxd4 47.Qxb7 Qd1+ 48.Kh2 Qxh5+ 49.Kg3 Qg6+
50.Kf3 Qf6+ 51.Ke3 Qc3+ 52.Ke4 Qe1+ 53.Kf3 Qc3+ 54.Kg4 Qc4+ 55.Kg3 h5 56.Qd7 h4+
57.Kh3 Qc3+ 58.g3 Qf3 59.Kxh4 Qxf2 60.c6 Qh2+ 61.Qh3 Qd2 62.c7 Qxb4+ 63.Kg5+  1-0

[Event "Politiken Cup"]
[Site "Copenhagen DEN"]
[Date "2006.07.25"]
[Round "4"]
[White "Henrichsen,J"]
[Black "Matthiesen,A"]
[Result "0-1"]
[WhiteElo "2106"]
[BlackElo "2358"]

1.d4 d5 2.c4 c6 3.Nf3 Nf6 4.Nc3 e6 5.e3 Nbd7 6.Qc2 Bd6 7.g4 h6 8.Bd2 Qe7
9.Rg1 dxc4 10.Bxc4 b5 11.Bd3 Bb7 12.Ne4 Nxe4 13.Bxe4 Rc8 14.g5 hxg5 15.Nxg5 Nf6
16.Bd3 Bxh2 17.Rh1 c5 18.Bxb5+ Kf8 19.d5 Rh5 20.f4 Bxd5 21.e4 Nxe4 22.Nxe4 Qh4+
23.Kd1 Qg4+ 24.Be2 Qg2 25.Nxc5 Qxh1+ 26.Be1 Rh8 27.Qc3 Rd8 28.Kc2 Qg2 29.Qe3 Bxf4
30.Nxe6+ Bxe6 31.Bb4+ Bd6  0-1